000
00257nam a2200085Ia 4500
245
0
_a
The bird of heaven : the story of a Swazi sangoma
100
_a
Dunseith, Peter Cape Town, 2009 1st ed
942
_c
BK
008
210817s9999 xx 000 0 und d
999
_c
261207
_d
261206